ਇਨ੍ਹੀ ਦਿਨੀਂਂ / (Record no. 109872)

MARC details
000 -LEADER
fixed length control field 00909nam a22002537a 4500
005 - DATE AND TIME OF LATEST TRANSACTION
control field 20170123164144.0
010 ## - LIBRARY OF CONGRESS CONTROL NUMBER
LC control number B-210330
020 ## - INTERNATIONAL STANDARD BOOK NUMBER
Terms of availability 150.00
International Standard Book Number 8181380266
035 ## - SYSTEM CONTROL NUMBER
System control number B-210330
037 ## - SOURCE OF ACQUISITION
Source of stock number/acquisition Cen Lib/Ret
040 ## - CATALOGING SOURCE
Original cataloging agency DPL
Language of cataloging PN
082 ## - DEWEY DECIMAL CLASSIFICATION NUMBER
Classification number
Item number ਰੂਪਸਿੰ
100 ## - MAIN ENTRY--PERSONAL NAME
Personal name ਰੂਪ ਸਿੰਘ
9 (RLIN) 2233
245 ## - TITLE STATEMENT
Title ਇਨ੍ਹੀ ਦਿਨੀਂਂ /
Statement of responsibility, etc ਰੂਪ ਸਿੰਘ
246 ## - VARYING FORM OF TITLE
Title proper/short title Inhi dini /
Remainder of title by Roop singh
260 ## - PUBLICATION, DISTRIBUTION, ETC. (IMPRINT)
Place of publication, distribution, etc ਦਿੱਲੀ
Name of publisher, distributor, etc ਔਮ. ਪੀ. ਪ੍ਰਕਾਸ਼ਨ
Date of publication, distribution, etc 2007
270 ## - ADDRESS
Address ਸ਼ੋਪ ਨ. 712/190, ਗੀਤਾ ਕਾਲੋਨੀ
City ਦਿੱਲੀ
Postal code 110031
300 ## - PHYSICAL DESCRIPTION
Extent 128p ;
Dimensions 20cm
650 ## - SUBJECT ADDED ENTRY--TOPICAL TERM
Topical term or geographic name as entry element ਪੰਜਾਬੀ-- ਸਾਹਿਤ
9 (RLIN) 128911
650 ## - SUBJECT ADDED ENTRY--TOPICAL TERM
Topical term or geographic name as entry element ਪੰਜਾਬੀ-- ਕਹਾਣੀਆ
9 (RLIN) 128912
650 ## - SUBJECT ADDED ENTRY--TOPICAL TERM
Topical term or geographic name as entry element literature--Punjabi
9 (RLIN) 128913
650 ## - SUBJECT ADDED ENTRY--TOPICAL TERM
Topical term or geographic name as entry element Punjabi - story
9 (RLIN) 128914
942 ## - ADDED ENTRY ELEMENTS (KOHA)
Source of classification or shelving scheme Dewey Decimal Classification
Koha item type Punjabi Bks
Classification part
Call number suffix ਰੂਪਸਿੰ
Holdings
Withdrawn status Lost status Damaged status Not for loan Home library Current library Date acquired Source of acquisition Cost, normal purchase price Total Checkouts Full call number Barcode Date last seen Date checked out Copy number Cost, replacement price Price effective from Koha item type
        Central Library Central Library 09/01/2016 Cen Lib/Ret 150.00 1 ਕ ਰੂਪਸਿੰ B-210330 27/01/2020 12/01/2020 1 150.00 15/09/2016 Punjabi Bks

© Delhi Public Library
Hit Counter
free hit counter